| 000 | 00776nam a2200229Ia 4500 | ||
|---|---|---|---|
| 001 | L140-961 | ||
| 003 | IT-CnALBA | ||
| 008 | 170116s9999||||xx |||||||||||||| ||und|| | ||
| 040 |
_aIT-CnALBA _cIT-CnALBA |
||
| 041 | _aITALIANO | ||
| 100 | _aMUZIO GIUSEPPE | ||
| 245 | 0 | _aTOMISMO E IDEALISMO. | |
| 250 | _a1a ed. | ||
| 260 |
_aCINISELLO BALSAMO (MI) _bEDIZIONI PAOLINE _c1958 [1° Ed.:1958 - Ed.Ling.Originale: 1958] |
||
| 300 | _a58 p. | ||
| 500 | _aNOTE CRITICHE SUL PROBLEMA GNOSEOLOGICO PEDAGOGICO. | ||
| 501 | _aSocietà San Paolo EM - Piazza San Paolo, 14 - 12051 ALBA (CN) (non commercial uses only) ® Copyright 2017 | ||
| 520 | _aNOTE CRITICHE SUL PROBLEMA GNOSEOLOGICO PEDAGOGICO. | ||
| 650 | _aSISTEMI FILOSOFICI | ||
| 942 | _cBK | ||
| 957 | _71 | ||
| 999 |
_a1053 _bNO _g Copie: 1 _c260190 _d260190 |
||